000 00348nam a2200145Ia 4500
008 191206s9999 xx 000 0 und d
020 _a773601058
090 _aPS8595H57W54
245 0 _aWhite Snake: A novel
250 _a1st ed.
260 _aGeneral Publishing
260 _ccc1982
300 _a247 p. ; 24 cm.
999 _c17286
_d17286